Pokémon - Les attaques de Skitty - Statistiques

Statistiques générales
  • Ce quiz a été pris 26 fois
    12 depuis la dernière actualisation
  • Le résultat moyen est 7 sur 17
Statistiques - réponses
Niveaux Types Noms des attaques % Correct
Départ Normal Charge
89%
Niveau 25 Fée Charme
89%
Départ Normal Mimi-Queue
67%
Départ Normal Rugissement
67%
Niveau 40 Normal Damoclès
56%
Niveau 43 Fée Regard Touchant
56%
Niveau 13 Fée Voix Enjôleuse
56%
Niveau 46 Fée Câlinerie
44%
Niveau 34 Normal Implore
33%
Niveau 16 Normal Torgnoles
33%
Niveau 10 Normal Attraction
22%
Niveau 7 Normal Berceuse
22%
Départ Normal Bluff
22%
Niveau 22 Ténèbres Représailles
22%
Niveau 37 Normal Glas de Soin
11%
Niveau 19 Normal Photocopie
11%
Niveau 31 Normal Façade
0%
Aucun quiz correspondant
Distribution des résultats
% des personnes avec chaque résultat
Percentile par nombre de réponses
Votre historique - résultats
Vous n’avez pas pris ce quiz depuis la dernière actualisation